Top 100 Premier League Players of All-Time According to AI - Statistics

General Stats
  • This quiz has been taken 580 times
  • The average score is 32 of 100
Answer Stats
Rank Player % Correct
6 Cristiano Ronaldo
87%
8 Wayne Rooney
85%
4 Frank Lampard
84%
2 Thierry Henry
84%
1 Alan Shearer
82%
5 Steven Gerrard
82%
34 Rio Ferdinand
73%
11 Paul Scholes
72%
15 Sergio Agüero
72%
88 Les Ferdinand
71%
21 Ashley Cole
69%
17 Didier Drogba
69%
59 Joe Cole
68%
54 Kevin De Bruyne
68%
53 Demba Ba
67%
13 John Terry
66%
23 David Beckham
64%
3 Ryan Giggs
64%
29 Gary Neville
60%
64 Phil Neville
60%
26 Peter Schmeichel
59%
14 Petr Čech
59%
10 Roy Keane
59%
19 Nemanja Vidić
56%
9 Dennis Bergkamp
55%
92 Jamie Vardy
51%
16 Vincent Kompany
51%
7 Patrick Vieira
50%
39 Robin van Persie
50%
18 David Silva
49%
27 Michael Owen
47%
37 Sadio Mané
46%
30 N'Golo Kanté
43%
22 Yaya Touré
43%
38 Carlos Tevez
40%
12 Eric Cantona
40%
24 Robert Pirès
40%
31 Jamie Carragher
39%
28 Sol Campbell
36%
36 David De Gea
34%
40 James Milner
32%
43 Raheem Sterling
32%
32 Teddy Sheringham
32%
42 Cesc Fàbregas
31%
75 Robbie Fowler
31%
78 Joe Hart
30%
47 Michael Carrick
30%
100 Nani
30%
90 Peter Crouch
30%
50 Dimitar Berbatov
27%
84 Gareth Barry
27%
81 Nicolas Anelka
27%
89 Tim Cahill
26%
41 Mesut Özil
23%
25 Claude Makélélé
22%
83 Michael Essien
19%
20 Paul Pogba
18%
60 Emile Heskey
16%
49 Juan Mata
16%
56 Glen Johnson
15%
74 Theo Walcott
15%
79 David Luiz
14%
70 David Ginola
13%
44 Mark Hughes
13%
82 Mikel Arteta
13%
62 Paul Ince
13%
35 Emmanuel Adebayor
12%
46 Gary Speed
12%
73 Christian Eriksen
11%
76 Darren Fletcher
11%
87 John Barnes
11%
66 Owen Hargreaves
11%
98 Aaron Ramsey
9%
55 Jack Wilshere
9%
58 Mark Noble
9%
86 Wilfried Zaha
9%
72 Scott Parker
8%
57 Danny Welbeck
7%
99 Jerzy Dudek
7%
52 Aaron Lennon
6%
33 Dennis Wise
6%
69 Gabriel Agbonlahor
6%
48 Joleon Lescott
6%
65 Nigel Winterburn
5%
45 Paul Merson
5%
63 Robert Snodgrass
5%
68 Danny Murphy
4%
97 Mark Schwarzer
4%
67 Jermaine Jenas
3%
77 Lee Bowyer
3%
96 Sebastian Larsson
3%
94 Victor Moses
3%
91 James Ward-Prowse
2%
93 Lucas Moura
2%
85 Matthew Upson
2%
71 Michael Thomas
2%
61 Niko Kranjčar
2%
51 Steven Taylor
2%
80 Yossi Benayoun
2%
95 Carlos Cuéllar
1%
No matching quizzes found
Score Distribution
Percent of People with Each Score
Percentile by Number Answered
Your Score History
You have not taken this quiz